History Quiz

Random History or Discovery Quiz

Who Did It First? Quiz Stats

 Plays Quiz Updated Jul 18, 2018

Challenge
Share
Tweet
Embed
Score 0/25 Timer 05:00
6 Plays Today
% Correct
George Washington
97.4%
Neil Armstrong
96.4%
Michael Phelps
93.3%
Augustus
92.6%
Richard Nixon
89.9%
Catherine of Aragon
89.9%
Charles Lindbergh
86.4%
William Henry Harrison
82.8%
Marie Curie
80.3%
Yuri Gagarin
77.1%
Edmund Hillary and Tenzing Norgay
76.7%
Saul
73.8%
Mary Walker
72.3%
% Correct
David Ben-Gurion
71.3%
Valentina Tereshkova
69.9%
John Glenn
67.5%
Roger Bannister
66.3%
Geraldine Ferraro
66%
Chuck Yeager
64.9%
John Jay
61.6%
Roald Amundsen
60.5%
Christiaan Barnard
54.9%
√Čtienne de Montgolfier
54.7%
Robert Walpole
53.9%
Spencer Perceval
52.7%

You're not logged in!

Compare scores with friends on all Sporcle quizzes.
OR
Log In

You Might Also Like...

Show Comments

Extras

Top Quizzes Today


Score Distribution

Your Account Isn't Verified!

In order to create a playlist on Sporcle, you need to verify the email address you used during registration. Go to your Sporcle Settings to finish the process.

Report this User

Report this user for behavior that violates our Community Guidelines.

Details: